Cliquer pour compléter le titre du film #2 - Statistiques

Statistiques générales
  • Ce quiz a été pris 1 238 fois
  • Le résultat moyen est 17 sur 24
Statistiques - réponses
Hint Réponse % Correct
Dirty Dancing
94%
Top Gun
92%
Pearl Harbor
90%
Mary Poppins
89%
Pretty Woman
89%
Rocky Balboa
86%
Indépendance Day
86%
Ocean's Eleven
83%
Love Actually
81%
Chicken Run
77%
Batman Begins
74%
Black Widow
74%
Sausage Party
73%
Panic Room
72%
Space Jam
68%
Teen Wolf
67%
Crocodile Dundee
66%
Pitch Perfect
66%
Réservoir Dogs
64%
Happy Feet
64%
Basic Instinct
58%
Sleepy Hollow
56%
Coyote Girls
36%
Suicide Kings
16%
Aucun quiz correspondant
Distribution des résultats
% des personnes avec chaque résultat
Percentile par nombre de réponses
Votre historique - résultats
Vous n’avez pas pris ce quiz